Statistics for Country Flags Quiz #1

Click here to take the quiz!

General Stats

  • This quiz has been taken 13 times
    (6 since last reset)
  • The average score is 10 of 16

Answer Stats

HintAnswer% Correct
These two countries have the shape of their country inside the flagCyprus, Kosovo
100%
This flag has the most strips than any other nations flagMalaysia
100%
The flag has a modern weapon as a symbol in the flagMozambique
100%
Only non-quadrilateral flag of any countryNepal
100%
This flag has the most stars on it then any other flagUnited States
100%
This flag is the only flag that has humans on itBelize
83%
The flag of this country used to be just all green until a recent change in 2011Libya
83%
This flag is the only flag outside of Oceania to feature the Southern CrossBrazil
67%
Only flag to feature an architectural buildingCambodia
67%
This flag is the only flag in the world that does not include the colours red, white, and blueJamaica
50%
This flag is compromised with 98.3% of just one colourMorocco
50%
The flag has a Sisserou Parrot and it is only found this countryDominica
33%
The former flag of this country used to have three smaller flags inside of itSouth Africa
33%
These countries have the most colours on their flagCosta Rica, Equatorial Guinea, Fiji, Guatemala
17%
This flag is the most newely adopted flag in the world.Mauritania
17%
This flag has the largest symbol on a solid backgroundUnited Kingdom
17%

Score Distribution

Percentile by Number Answered

Percent of People with Each Score

Your Score History

You have not taken this quiz since the last reset